00981nam a2200205 a 450000100060000000300090000600800410001502000150005604000280007108200170009910000400011624500820015625000110023826000420024930000100029150503680030165000380066965000370070765000310074422747CO-ViMGA141112s2004 ck r 000 u spa d a9588235308 aCO-ViMGAbspacCO-ViMGA04a323.42 S817p1 aSuárez Varón, Martín Leonardo10aPrincipio de igualdad en la Constitución y la Jurisprudencia Constitucional a1a ed. aColombia : bBiblioteca Juridica Dike a165p. aEl principio de desigualda.antecedentes de su consagracion constitucional, La teoria del derecho de igualdad, La estructura de las normas relativas al derecho de igualda contenidas en la Constitucion Política de 1991, La competencia para determinar los criterios relevantes para establecer una igualdad y una desigualdad de tarto conforme a la constitucion, 14aCOLOMBIA - DERECHO CONSTITUCIONAL14aIGUALDAD ANTE LA LEY - COLOMBIA 14aJURISPRUDENCIA - COLOMBIA